Legenda bez fraku Edita Drori-Ernstová: Olúpená o právo na život

Bibliographic Details
Other Authors: Poláková, Eva (Interviewer)
Format: Article
Language:Slovak
PhysicalDescription:Fotogr. 1
ISSN:0323-2018
Subjects:

MARC

LEADER 00000nab a2200000 a 4500
001 vtls000614589
003 SK-MaSNL
005 20260304003347.0
008 140402c1997 xo 0 slo
015 |a SNBRB19rr/mm-uuuuu 
035 |a CL0614728 
040 |a SNKBUCL  |b slo  |c SNKBUCL  |e AACR2 
041 0 |a slo 
044 |a xo  |c SK 
080 |a 943.76-051"19"  |2 1981 
080 |a 929 Drori-Ernst, Edita  |2 1981 
080 |a 355.292.5  |2 1981 
100 1 |a Drori-Ernst, Edita,  |d 1920-  |4 ive  |9 237922 
245 1 0 |a Legenda bez fraku  |b Edita Drori-Ernstová: Olúpená o právo na život  |c Edita Drori-Ernst, Eva Poláková 
300 |b Fotogr. 1 
600 1 7 |a Drori-Ernst, Edita,  |d 1920-  |2 snkbucl  |9 237922 
655 7 |a rozhovory  |2 snkbucl  |9 31831 
655 7 |a články z novín a časopisov  |2 snkbucl  |9 267496 
700 1 |a Poláková, Eva  |4 ivr  |9 267347 
773 0 |t Bojovník  |g Roč. 42, č. 3 (1997), s. 12  |x 0323-2018 
850 |a Slovenská národná knižnica v Martine  |a MTA001 
852 |a SNK  |b KIS3GCP 
958 |a BX 
958 |a SK 
958 |a IL 
958 |a RK 
992 |a RBX 
999 |c 2546949  |d 2548879